1933 1512 1014 1845 1349 1137 1380 1396 1886 1890 1210 1703 1275 1311 1517 1126 1005 1260 1545 1364 1192 1678 1515 1459 1370 1904 1938 1802 1898 1952 1776 1864 1716 1802 1229 1155 1668 1995 1908 1585 1801 1859 1093 1951 1773 1405 1981 1329 1393 1958 1297 1044 1947 1148 1491 1133 1221 1030 1651 1306 1883 1973 1981 1559 1432 1997 1630 1695 1078 1432 1577 1862 1556 1113 1873 1631 1129 1618 1905 1483 1695 1066 1520 1902 1605 1168 1898 1981 1922 1661 1513 1549 1895 1753 1344 1136 1716 1363 1965 BCNSPRNW ULIB Ver.6.0+V

เปลี่ยนเป็นภาษาไทย

Change to English
 แสดงรายละเอียดบรรณานุกรม
  กลับหน้าหลัก

Brief Record : Get Marc (ISO 2709) : E-mail record : QR code < ปิดหน้าต่าง
LEADER : 00000nam 2200000uu 4500
001    13399113597
003     ULIB
008    020711s2551 th a 000 0 tha d
020    9789744465702
090    นว.^bท121ร 2551
100    ทมยันตี
245    ร่มฉัตร/^cทมยันตี
250    พิมพ์ครั้งที่ 9
260    กรุงเทพฯ :^bณ บ้านวรรณกรรม,^c2551
300    606 หน้า
710 1  ณ บ้านวรรณกรรม
945    ^p360^l0^i15295
995    ทศพร
999 ^a ทศพร
รายการนี้ยังไม่มีแท็ก
คุณยังไม่ได้ล็อกอิน คุณสามารถมีกิจกรรมร่วมกับเว็บไซต์ได้ แต่ต้องล็อกอินก่อน ::
  ล็อกอิน

รายการสื่อสารสนเทศ

ลำดับที่ ประเภท เลขเรียก/บาร์โค้ด สถานที่ สถานะ
1. นวนิยาย
นวนิยาย
นว. ท121ร 2551 ฉ.1 
  Barcode: 15295
ห้องสมุดวิทยาเขตสวรรค์ประชารักษ์
►นวนิยาย
บนชั้น
  ขอยืม

รายการใกล้เคียง
    ผู้แต่ง [ทมยันตี]

BibComment


ยังไม่เคยถูกคอมเมนท์

คอมเมนท์ทรัพยากรรายการนี้
  คอมเมนท์: ร่มฉัตร ทมยันตี


 Copyright 2026. Bcnsprnw @Library